Statistiques concernant Clubs ayant remporté l'Europa League depuis 1961

Cliquez ici pour prendre le quiz!

Statistiques générales

  • Ce quiz a été pris 97 fois
  • Le résultat moyen est 20 sur 37

Statistiques - réponses

#AnnéesClubs% Correct
6
2006 / 2007
2014 / 2015
2016 / 2020
FC Séville
97%
22013
2019
Chelsea
89%
12017Manchester United
85%
32010
2012
2018
Atlético Madrid
84%
21985
1986
Real Madrid
82%
31958
1960
1966
FC Barcelone
81%
31973
1976
2001
Liverpool FC
81%
11988Bayer Leverkusen
78%
31977
1990
1993
Juventus Turin
78%
31991
1994
1998
Inter Milan
77%
11970Arsenal
75%
22003
2011
FC Porto
75%
11992Ajax
69%
31962
1963
2004
Valence CF
65%
11961AS Rome
63%
11978PSV Eindhoven
60%
11996Bayern Munich
59%
21974
2002
Feyenoord Rotterdam
56%
11989Naples
56%
21980
2022
Eintracht Francfort
55%
12021Villareal FC
47%
12005CSKA Moscou
46%
12009Shaktar Donetsk
44%
21972
1984
Tottenham
44%
12008Zenith
44%
12000Galatasaray
41%
11983RSC Anderlecht
40%
21995
1999
Parme AC
32%
21968
1971
Leeds United
30%
11997Schalke 04
27%
11969Newcastle United
26%
11967Dinamo Zagreb
22%
21975
1979
Borussia M'Gladbach
20%
21982
1987
IFK Goteborg
15%
11981Ipswich Town
10%
11965Ferencvaros
9%
11964Real Saragosse
9%

Distribution des résultats

Percentile par nombre de réponses

% des personnes avec chaque résultat

Votre développement - résultats

Vous n’avez pas pris ce quiz